Neurociencia cognitiva
সংরক্ষণ করুন:
| প্রধান লেখক: | |
|---|---|
| বিন্যাস: | গ্রন্থ |
| ভাষা: | স্প্যানিশ |
| প্রকাশিত: |
Madrid, España
Médica Panamericana
2014
|
| সংস্করন: | 1a. ed |
| বিষয়গুলি: | |
| অনলাইন ব্যবহার করুন: | Disponible Online |
| ট্যাগগুলো: |
ট্যাগ যুক্ত করুন
কোনো ট্যাগ নেই, প্রথমজন হিসাবে ট্যাগ করুন!
|
MARC
| LEADER | 00000cam a2200000 a 4500 | ||
|---|---|---|---|
| 001 | UCE5379 | ||
| 003 | CL-VaPUC | ||
| 005 | 20250318091823.0 | ||
| 008 | 141230e20140000sp |||||||||||||||||spa|d | ||
| 999 | |c 358114 |d 358112 | ||
| 020 | |a 9788498354089 | ||
| 040 | |c Pontificia Universidad Católica de Valparaíso | ||
| 082 | 0 | 4 | |a 612.825 RED 2014 |2 21 |
| 100 | |a Redolar Ripoll, Diego |e autor |9 577969 | ||
| 245 | 1 | 0 | |a Neurociencia cognitiva |
| 250 | |a 1a. ed | ||
| 260 | |a Madrid, España |b Médica Panamericana |c 2014 | ||
| 300 | |a 821 páginas | ||
| 583 | |a last modification |c 20141230 16:04:00 |k Rodrigo Vera | ||
| 650 | 0 | |a Neurociencias |9 424346 | |
| 650 | 0 | |a Neurobiología |2 CL-VaPUC |9 269798 | |
| 650 | 0 | |a Psicología cognitiva |9 306250 | |
| 852 | |a BIBCUR | ||
| 856 | |u http://bibliografiaobligatoria.pucv.cl.pucv.idm.oclc.org/index.php/bibliotecapucv/catalog/book/66 |y Disponible Online | ||
| 942 | |c BK |2 ddc | ||
| 945 | |d 20141230 16:04:00 |a arojas | ||
| 952 | |0 0 |1 0 |3 erb |4 0 |6 612_825000000000000_RED_2014 |7 0 |8 A |9 466512 |a BIBCUR |b BIBCUR |i 5131251 |o 612.825 RED 2014 |p 5131251 |r 2025-04-22 |w 2019-11-23 |y BK |z Catalogado en:20141230 |k KIN | ||
| 952 | |0 0 |1 0 |3 erb |4 0 |6 612_825000000000000_RED_2014 |7 0 |8 A |9 466513 |a BIBCUR |b BIBCUR |i 513126K |l 3 |o 612.825 RED 2014 |p 513126K |r 2025-04-22 |s 2020-12-29 |w 2019-11-23 |y BK |z Catalogado en:20141230 |k KIN | ||
| 952 | |0 0 |1 0 |3 erb |4 0 |6 612_825000000000000_RED_2014 |7 0 |8 A |9 466514 |a BIBCUR |b BIBCUR |i 5131278 |l 2 |o 612.825 RED 2014 |p 5131278 |r 2025-04-22 |s 2024-04-19 |w 2019-11-23 |y BK |z Catalogado en:20141230 |k KIN | ||
| 952 | |0 0 |1 0 |3 erb |4 0 |6 612_825000000000000_RED_2014 |7 0 |8 A |9 466515 |a BIBCUR |b BIBCUR |i 5131235 |l 2 |m 1 |o 612.825 RED 2014 |p 5131235 |r 2025-04-22 |s 2024-08-21 |w 2019-11-23 |y BK |z Catalogado en:20141230 |k KIN | ||
| 952 | |0 0 |1 0 |3 erb |4 0 |6 612_825000000000000_RED_2014 |7 0 |8 A |9 466516 |a BIBCUR |b BIBCUR |i 5131243 |l 3 |o 612.825 RED 2014 |p 5131243 |r 2025-04-22 |s 2025-03-11 |w 2019-11-23 |y BK |z Catalogado en:20141230 |k KIN | ||
| 952 | |0 0 |1 0 |3 erb |4 0 |6 612_825000000000000_RED_2014 |7 0 |8 A |9 466517 |a BIBMAT |b BIBMAT |i 5342392 |l 2 |o 612.825 RED 2014 |p 5342392 |r 2025-01-07 |s 2022-02-23 |w 2019-11-23 |y BK |z Catalogado en:20160922 |k MAT | ||
| 952 | |0 0 |1 0 |3 erb |4 0 |6 612_825000000000000_RED_2014 |7 0 |8 R |9 466518 |a BIBEDU |b BIBEDU |c MCIRC |i 5349419 |l 4 |o 612.825 RED 2014 |p 5349419 |r 2023-10-30 |s 2023-09-20 |w 2019-11-23 |y BK_R |z Catalogado en:20161118 |k EDI | ||